Two approaches to resolving nonperforming assets during financial crises

Gespeichert in:
Bibliographische Detailangaben
1. Verfasser: Woo, David
Format: Buch
Sprache:Englisch
Veröffentlicht: Washington International Monetary Fund 2000
Schriftenreihe:IMF Working Paper WP/00/33
Schlagworte:
Tags: Tag hinzufügen
Keine Tags, Fügen Sie das erste Tag hinzu!

MARC

LEADER 00000nam a2200000 4500
001 c124152
005 20221221083836.0
041 0 |a eng 
044 |a US 
245 1 0 |a Two approaches to resolving nonperforming assets during financial crises  |c David Woo 
264 1 |a Washington  |b International Monetary Fund  |c 2000 
300 |a 41 s. 
490 1 |a IMF Working Paper  |v WP/00/33 
830 0 |a IMF Working Paper  |v WP/00/33 
610 2 0 |a kríza finančná 
610 2 0 |a aktíva 
610 2 0 |a riadenie 
610 2 0 |a manažment finančný 
100 1 |a Woo, David